Vol. 2: Capacitive Microsensors for Biomedical Applications-Drug Infusion Systems; Encyclopedia of Medical devices and instrumentation

Dades bibliogràfiques
Parent link:Encyclopedia of Medical devices and instrumentation: в 6 ч./ под ред. J. G. Webster. Vol. 2: Capacitive Microsensors for Biomedical Applications-Drug Infusion Systems.— second ed..— , 2006.— 978-0-471-26358-6
Idioma:anglès
Publicat: 2006
Matèries:
Format: MixedMaterials Llibre
KOHA link:https://koha.lib.tpu.ru/cgi-bin/koha/opac-detail.pl?biblionumber=125188

MARC

LEADER 00000nam2a2200000 4500
001 125188
005 20231031131247.0
010 |a 047004067X 
010 |a 978-0-470-04067-6 
035 |a (RuTPU)RU\TPU\book\135463 
035 |a RU\TPU\book\135461 
090 |a 125188 
100 |a 20071113d2006 k y0engy50 ba 
101 0 |a eng 
102 |a US 
105 |a a f 001zy 
200 0 |a Vol. 2: Capacitive Microsensors for Biomedical Applications-Drug Infusion Systems 
210 |d 2006 
215 |a 508 p.  |c il. 
461 1 |0 (RuTPU)RU\TPU\book\135546  |y 978-0-471-26358-6  |t Encyclopedia of Medical devices and instrumentation  |o в 6 ч.  |f под ред. J. G. Webster  |v Vol. 2: Capacitive Microsensors for Biomedical Applications-Drug Infusion Systems  |e second ed.  |d 2006 
610 1 |a медицина 
610 1 |a медицинская аппаратура 
610 1 |a медицинские инструменты 
610 1 |a медицинская физика 
610 1 |a биомедицинская инженерия 
610 1 |a английский язык 
610 1 |a энциклопедии 
675 |a 615.47(031)  |v 3 
801 1 |a RU  |b 63413507  |c 20071113  |g PSBO 
801 2 |a RU  |b 63413507  |c 20221207  |g PSBO 
942 |c BK